000 00668nam a22001337a 4500
040 _cRUA
082 _aAGR NGE 2011 B048 Or.1
100 _aNGET, SOPHA.
245 _aComparison of irrigation systems on tomato neang phech variety on sandy loam soil connectior ​ប្រៀបធៀបបច្ចេកទេសស្រោចស្រពលើដំណាំប៉េងប៉ោះពូជនាងពេជ្រលក្ខខណ្ឌដីល្បាយខ្សាច់
260 _aPhnom Penh
_bRUA
_c2011
300 _aix, 38p.
_bill.
_c29cm.
856 _uhttps://drive.google.com/file/d/1O6MHqt6FKYYx_8uah8XxW-C8Y1T1JLrt/view?usp=sharing
942 _cAGR
999 _c1114
_d1114